|
|
|
|
| LEADER |
01399nam a2200337 a 4500 |
| 001 |
13859659 |
| 003 |
BD-DhAAL |
| 005 |
20230122182612.0 |
| 008 |
091028s2005 dcua b i001 0 eng d |
| 010 |
|
|
|a 2005043248
|
| 020 |
|
|
|a 0821361449 (pbk.)
|
| 040 |
|
|
|a DLC
|c DLC
|d DLC
|d BD-DhAAL
|
| 082 |
0 |
0 |
|a 352.46214
|2 22
|
| 245 |
0 |
0 |
|a Public expenditure analysis /
|c edited by Anwar Shah.
|
| 260 |
|
|
|a Washington, D.C. :
|b World Bank,
|c c2005.
|
| 300 |
|
|
|a xxxi, 256 pages :
|b illustrations ;
|c 23 cm.
|
| 490 |
0 |
|
|a Public sector, governance, and accountability series
|
| 504 |
|
|
|a Includes bibliographical references and index.
|
| 541 |
1 |
|
|a Donated By Akbar Ali Khan
|e 00014049, 40516
|
| 650 |
|
0 |
|a Local government
|x Citizen participation.
|9 53418
|
| 650 |
|
0 |
|a Municipal services
|x Evaluation.
|
| 650 |
|
0 |
|a Local budgets.
|9 47134
|
| 650 |
|
0 |
|a Expenditures, Public.
|
| 700 |
1 |
|
|a Shah, Anwar.
|
| 710 |
2 |
|
|a World Bank.
|
| 830 |
|
|
|a Public sector, governance, and accountability series
|9 47137
|
| 852 |
4 |
|
|a Ayesha Abed Library
|j General Shelf.
|
| 942 |
|
|
|2 ddc
|c BK
|
| 999 |
|
|
|c 4937
|d 4937
|
| 952 |
|
|
|0 0
|1 0
|2 ddc
|4 0
|6 352_462140000000000_PUB
|7 0
|9 17861
|a BRACUL
|b BRACUL
|c GEN
|d 2011-08-17
|l 0
|o 352.46214 PUB
|p 3010014049
|r 2011-08-17
|t 1
|w 2011-08-17
|y BK
|
| 952 |
|
|
|0 0
|1 0
|2 ddc
|4 0
|6 352_462140000000000_PUB
|7 1
|9 73047
|a BRACUL
|b BRACUL
|c AAKC
|d 2023-01-22
|l 0
|o 352.46214 PUB
|p 3010040516
|r 2023-01-22
|t 2
|w 2011-08-17
|y BK
|